Smite Mages - Statistics

General Stats
  • This quiz has been taken 211 times
  • The average score is 17 of 24
Answer Stats
Hint Answer % Correct
360 No Scope Ra
92%
Kiss <3 Aphrodite
87%
The Smith! Vulcan
83%
I´m too young for this Game Scylla
81%
Why use ult once if you can use it 3 times Agni
80%
Water slides are awesome He Bo
80%
Supernova Sol
79%
good or evil? Hel
78%
Deep in the Ocean Poseidon
78%
I like Corpses Ah Puch
76%
Want to be a Supporter again =( Hades
76%
I love my Drums Raijin
76%
Moonlight Change
74%
I prefer Jungle Ao Kuang
72%
Through Space and Time! Janus
72%
Second Chance Chronos
68%
Clay and Metal Nu Wa
66%
Odin is my best friend #ultcombo Zeus
64%
Why not use a Serpent? Kukulkan
57%
Gimme your souls! Zhong Kui
55%
Flame of the Night Nox
49%
Nobody likes you, seriously... Anubis
46%
Late Game Monster Freya
46%
Buff Control over 9000 Isis
36%
No matching quizzes found
Score Distribution
Percent of People with Each Score
Percentile by Number Answered
Your Score History
You have not taken this quiz